Normal view MARC view

Entry Personal Name

Number of records used in: 1

001 - CONTROL NUMBER

  • control field: 55687

003 - CONTROL NUMBER IDENTIFIER

  • control field: NUST

005 - DATE AND TIME OF LATEST TRANSACTION

  • control field: 20210628201530.0

008 - FIXED-LENGTH DATA ELEMENTS

  • fixed length control field: 210628|| aca||aabn | a|a d

040 ## - CATALOGING SOURCE

  • Original cataloging agency: NUST
  • Transcribing agency: NUST

100 ## - HEADING--PERSONAL NAME

  • Fuller form of name: (Junuthula Narasimha),
  • Dates associated with a name: 1945-.
  • Title of a work: Mechanics of laminated composite plates

670 ## - SOURCE DATA FOUND

  • Source citation: Work cat.: (NUST): Reddy, J. N. (Junuthula Narasimha), 1945- 26732, Mechanics of laminated composite plates and shells :, c2004.
© 2023 Central Library, National University of Sciences and Technology. All Rights Reserved.